000 00855nam a2200265 4500
003 EG-GICUC
005 20260225093229.0
008 260225s1967 Fr |||f |||| 00| 0 Fre d
040 _a EG-GICUC
_bfre
_c EG-GICUC
_d EG-GICUC
_erda
082 0 4 _a341.8
_bC H . E
_221
092 0 4 _221
099 _aLaw1 12 341.8 C H . E 1967
100 1 _aBernard Chenot
_eAuteur
245 _aLes Entreprises Nationalisés :
_nQuatriéme Édition /
_cPar Bernard Chenot.
264 _aParis:
_bPresses Universitaires De France,
_c1967.
300 _a125 Pages ;
_c24 Cm.
336 _2rda content
_atext
337 _2rda media
_aComputer
338 _2rda carrier
_aOnline Resource
650 1 4 _aDroit international privé
_2qrmak
651 1 _2qrmak
856 4 0 _uhttps://fll.law.cu.edu.eg/fulltext/bks/B12-02827.pdf
905 _a64
942 _2ddc
_cBK
_e21
_n0
999 _c64159
_d64159